Merope (Record no. 154260)

MARC details
000 -LEADER
campo de control de longitud fija 00670nam a2200193 i 4500
001 - NÚMERO DE CONTROL
campo de control 154260
003 - IDENTIFICADOR DE NÚMERO DE CONTROL
campo de control ES-MaACL
005 - FECHA Y HORA DE LA ÚLTIMA TRANSACCIÓN
campo de control 20230906205604.0
008 - DATOS DE LONGITUD FIJA--INFORMACIÓN GENERAL
campo de control de longitud fija 931025s1869 po |||| | por d
100 1# - ENTRADA PRINCIPAL--NOMBRE DE PERSONA
Nombre de persona Garrett, Almeida.
9 (RLIN) 55660
245 10 - MENCIÓN DEL TÍTULO
Título Merope
Resto del título ; Gil-Vicente /
Mención de responsabilidad, etc. do V. de Almeida Garret.
250 ## - MENCION DE EDICION
Mención de edición 3ª ed.
260 ## - PUBLICACIÓN, DISTRIBUCIÓN, ETC.
Lugar de publicación, distribución, etc. Lisboa :
Nombre del editor, distribuidor, etc. Imprensa Nacional : [s.n.],
Fecha de publicación, distribución, etc. 1869.
300 ## - DESCRIPCIÓN FÍSICA
Extensión 291 p. ;
Dimensiones 16 cm.
490 1# - MENCIÓN DE SERIE
Mención de serie Obras de Joâo Baptista de Almeida-Garrett ;
Designación de volumen o secuencia 3.
Mención de serie Theatro ;
Designación de volumen o secuencia 2
830 0# - PUNTO DE ACCESO ADICIONAL DE SERIE-TÍTULO UNIFORME
Título uniforme Obras de Joâo Baptista de Almeida-Garrett ;
Designación de volumen o secuencia 3.
Título uniforme Theatro ;
Designación de volumen o secuencia 2
9 (RLIN) 221479
852 ## - LOCALIZACIÓN
Ubicación ES-MaACL
Número de control de estantería G-8614
Nota libre . - Enc. pasta española
Holdings
Estatus retirado Estado de pérdida Estado de daño No para préstamo Colección Biblioteca de origen Biblioteca actual Ubicación en estantería Fecha de adquisición Fuente de adquisición Total de préstamos Signatura topográfica completa Código de barras Visto por última vez Precio de reemplazo Tipo de ítem Koha
        Libros del s. XIX Biblioteca del Ateneo de Madrid Biblioteca del Ateneo de Madrid Sala Pecera Planta 3 17/01/2008     G-8614 1161306 23/02/2023 23/02/2023 Libro impreso antiguo